| 000 | 00818nam a22002417a 4500 | ||
|---|---|---|---|
| 999 |
_c15066 _d15066 |
||
| 003 | AR-CdUCM | ||
| 008 | 190415b ||||| |||| 00| 0 spa d | ||
| 020 | _a978-612-301-928-0 | ||
| 040 |
_aMUNICIPALIDAD PROVINCIAL DEL CUSCO _cBIBLIOTECA MUNICIPAL DEL CUSCO |
||
| 082 |
_aEP / 803 / _bY24 |
||
| 100 |
_aYangali Quintanilla, Juan. _934046 |
||
| 245 |
_aEl muqui : _bDuende de la mina / |
||
| 260 |
_aLima : _bQG editores S.A.C., _c2013. |
||
| 300 |
_a45 páginas ; _c21 cm. |
||
| 440 |
_aLeyendas tenebrosas del Perú . _n8 _934079 |
||
| 500 | _aYo leo plan lector. | ||
| 505 | _aContenido :El muqui, duende de la mina . | ||
| 650 |
_aHistorietas. _910786 |
||
| 650 |
_aCuentos de terror. _931714 |
||
| 700 |
_aAyala, Gabriela y Mateo (Ilustraciones) _934050 |
||
| 942 |
_2ddc _cLIBROS |
||
| 945 |
_arum _d2019-04-25 |
||